El si de las niñas /
Guardado en:
| Autor Principal: | |
|---|---|
| Formato: | Libro |
| Publicado: |
Buenos Aires :
Kapelusz,
1967
|
| Edición: | 4a. ed. |
| Materias: | |
| Etiquetas: |
Agregar Etiqueta
Sin Etiquetas, Sea el primero en etiquetar este registro!
|
| LEADER | 00825nam a22002415a 4500 | ||
|---|---|---|---|
| 001 | CEM.cems002463 | ||
| 005 | 20060220000000.0 | ||
| 008 | 130507s1967##################000#0#####d | ||
| 003 | CEMS | ||
| 082 | 0 | 4 | |a 862.4 |
| 100 | 1 | |a Fernández de Moratin, Leandro | |
| 245 | 1 | 0 | |a El si de las niñas / |
| 250 | |a 4a. ed. | ||
| 260 | |a Buenos Aires : |b Kapelusz, |c 1967 | ||
| 300 | |a 113 p. | ||
| 653 | |a Literatura | ||
| 653 | |a Teatro | ||
| 653 | |a Teatro español-siglo 18 | ||
| 859 | |a CEMS |b BIB. CEMS - 11 de abril |h 862.4 |i F391a4 |p 4416.75 |t Ej.1 | ||
| 859 | |a CEMS |b BIB. CEMS - 11 de abril |h 862.4 |i F391a4 |p 4417.75 |t Ej.2 | ||
| 859 | |a CEMS |b BIB. CEMS - 11 de abril |h 862.4 |i F391a4 |p 4418.75 |t Ej.3 | ||
| 859 | |a CEMS |b BIB. CEMS - 11 de abril |h 862.4 |i F391a4 |p 4419.75 |t Ej.4 | ||
| 859 | |a CEMS |b BIB. CEMS - 11 de abril |h 862.4 |i F391a4 |p 4420.75 |t Ej.5 | ||
